Pokémon With 6 Letters - Statistics

General Stats
  • This quiz has been taken 131 times
    102 since last reset
  • The average score is 63 of 164
Answer Stats
Generation Pokémon % Correct
1 Gastly
79%
1 Gengar
73%
1 Mewtwo
69%
1 Pidgey
61%
1 Raichu
61%
1 Weedle
61%
1 Kakuna
59%
1 Mankey
58%
3 Kyogre
56%
1 Cubone
55%
1 Fearow
54%
3 Mudkip
54%
1 Vulpix
54%
1 Zapdos
54%
2 Crobat
52%
1 Golbat
52%
2 Togepi
52%
3 Latias
51%
1 Oddish
51%
1 Tauros
51%
1 Horsea
49%
3 Latios
49%
1 Machop
49%
4 Piplup
49%
1 Ponyta
49%
1 Grimer
48%
1 Kabuto
48%
1 Lapras
48%
2 Raikou
48%
1 Seadra
48%
4 Starly
48%
1 Dodrio
46%
3 Kirlia
46%
2 Ledyba
46%
7 Litten
46%
1 Magmar
46%
1 Pinsir
46%
1 Rhydon
46%
3 Spheal
46%
1 Staryu
46%
2 Cleffa
45%
1 Meowth
45%
1 Mr. Mime
45%
4 Phione
45%
2 Slugma
45%
3 Beldum
44%
3 Feebas
44%
4 Grotle
44%
3 Seedot
44%
3 Aggron
42%
5 Dewott
42%
2 Elekid
42%
1 Krabby
42%
4 Luxray
42%
4 Mime Jr.
42%
9 Pawmot
42%
4 Bidoof
41%
2 Celebi
41%
3 Deoxys
41%
2 Espeon
41%
3 Gulpin
41%
2 Ledian
41%
2 Mareep
41%
2 Marill
41%
3 Plusle
41%
7 Rowlet
41%
2 Scizor
41%
3 Spinda
41%
4 Arceus
39%
3 Flygon
39%
2 Furret
39%
2 Gligar
39%
2 Hoppip
39%
3 Lairon
39%
3 Metang
39%
4 Palkia
39%
5 Patrat
39%
2 Wooper
39%
5 Emboar
38%
3 Lombre
38%
3 Sealeo
38%
8 Sobble
38%
5 Zekrom
38%
3 Baltoy
37%
5 Durant
37%
5 Keldeo
37%
4 Mothim
37%
8 Raboot
37%
4 Snover
37%
5 Woobat
37%
4 Bonsly
35%
4 Dialga
35%
6 Goodra
35%
5 Kyurem
35%
3 Lileep
35%
3 Regice
35%
3 Spoink
35%
3 Swalot
35%
3 Wynaut
35%
3 Mawile
34%
2 Phanpy
34%
8 Applin
32%
7 Cosmog
32%
3 Dustox
32%
4 Gabite
32%
5 Golurk
32%
5 Joltik
32%
6 Litleo
32%
9 Quaxly
32%
3 Skitty
32%
4 Stunky
32%
3 Swablu
32%
5 Yamask
32%
4 Buizel
31%
3 Cacnea
31%
4 Combee
31%
8 Dreepy
31%
3 Glalie
31%
5 Golett
31%
5 Pidove
31%
6 Spewpa
31%
2 Swinub
31%
6 Tyrunt
31%
8 Wooloo
31%
6 Amaura
30%
5 Audino
30%
7 Drampa
30%
7 Lunala
30%
6 Noibat
30%
9 Nymble
30%
6 Pyroar
30%
9 Smoliv
30%
8 Zacian
30%
8 Zarude
30%
5 Archen
28%
4 Chatot
28%
8 Eiscue
28%
6 Gogoat
28%
6 Klefki
28%
7 Kommo-o
28%
2 Pineco
28%
6 Skiddo
28%
6 Skrelp
28%
5 Tynamo
28%
9 Dolliv
27%
5 Emolga
27%
5 Swanna
27%
6 Espurr
25%
8 Nickit
25%
9 Rellor
25%
7 Wimpod
25%
8 Yamper
25%
5 Elgyem
24%
9 Rabsca
24%
9 Ting-Lu
24%
9 Varoom
24%
8 Carkol
23%
7 Comfey
23%
7 Bewear
21%
7 Meltan
21%
7 Komala
20%
7 Minior
20%
8 Cufant
17%
9 Veluza
14%
No matching quizzes found
Score Distribution
Percent of People with Each Score
Percentile by Number Answered
Your Score History
You have not taken this quiz since the last reset